Legitimación de las violencias sexuales a través de las obras pictóricas (Record no. 215491)
[ view plain ]
| 000 -CABECERA | |
|---|---|
| campo de control de longitud fija | 01825nab a2200253 ab4500 |
| 005 - FECHA Y HORA DE LA ÚLTIMA TRANSACCIÓN | |
| campo de control | 20260702125948.0 |
| 008 - ELEMENTOS DE LONGITUD FIJA--INFORMACIÓN GENERAL | |
| campo de control de longitud fija | 260604b2025 sp tr poo| 0 0 spa d |
| 003 - IDENTIFICADOR DEL NÚMERO DE CONTROL | |
| campo de control | |
| 040 ## - FUENTE DE LA CATALOGACIÓN | |
| Centro catalogador/agencia de origen | MX-MxUPN |
| Lengua de catalogación | spa |
| Centro/agencia transcriptor | MX-MxUPN |
| Normas de descripción | aacr2 |
| 100 1# - ASIENTO PRINCIPAL--NOMBRE PERSONAL | |
| Nombre de persona | Fernandez Villanueva, María Concepción |
| 9 (RLIN) | 60191 |
| 100 1# - ASIENTO PRINCIPAL--NOMBRE PERSONAL | |
| Nombre de persona | Romero Delgado, Marta |
| 9 (RLIN) | 60192 |
| 245 10 - MENCIÓN DE TÍTULO | |
| Título | Legitimación de las violencias sexuales a través de las obras pictóricas |
| Medio | [recurso electrónico en línea] |
| 506 0# - NOTA DE RESTRICCIONES AL ACCESO | |
| Limitaciones de acceso | Acceso abierto |
| 520 3# - NOTA DE RESUMEN, ETC. | |
| Sumario, etc. | Desde una perspectiva pluridisciplinar donde convergen la sociología visual y la perspectiva feminista, analizamos la representación y legitimación de la violencia sexual en algunas pinturas reconocidas como obras de arte en la historia. El objetivo es revisar las intenciones, implicaciones y funciones de las pinturas recogidas en los museos que naturalizan la violencia sexual a través de la legitimación simbólica. Los resultados más relevantes son: a) la omisión o minimización del daño producido por la violencia sexual y el embellecimiento de las víctimas, b) la mayor deslegitimación de la violencia sexual por parte de las mujeres artistas y c) la evolución histórica de la mirada a la violencia sexual. Finalmente, presentamos algunas sugerencias que se pueden derivar para favorecer una mirada crítica a la representación de las obras de arte en los museos. |
| Fuente proveedora | REIS |
| 650 #2 - ASIENTO SECUNDARIO DE MATERIA - TERMINO TEMATICO | |
| Término de materia o nombre geográfico como elemento de entrada | Pintura |
| 9 (RLIN) | 2766 |
| 650 #4 - ASIENTO SECUNDARIO DE MATERIA - TERMINO TEMATICO | |
| Término de materia o nombre geográfico como elemento de entrada | Violencia en el arte |
| 9 (RLIN) | 27063 |
| 653 ## - TERMINO DE INDIZACION - NO CONTROLADO | |
| Término no controlado | Violencia sexual |
| 653 ## - TERMINO DE INDIZACION - NO CONTROLADO | |
| Término no controlado | Mirada crítica |
| 773 ## - ENLACE AL DOCUMENTO FUENTE/ENTRADA DE REGISTRO ANFITRIÓN | |
| Parte(s) relacionada(s) | No. 193 (2025), p. 37-52 |
| Título | REIS: revista española de investigaciones sociológicas |
| Número Internacional Normalizado para Publicaciones Seriadas | 1988-5903 |
| 856 4# - LOCALIZACIÓN Y ACCESO ELECTRÓNICOS | |
| Identificador Uniforme del Recurso | <a href="https://reis.cis.es/index.php/reis/article/view/2478">https://reis.cis.es/index.php/reis/article/view/2478</a> |
| 856 4# - LOCALIZACIÓN Y ACCESO ELECTRÓNICOS | |
| Identificador Uniforme del Recurso | <a href="https://reis.cis.es/index.php/reis/article/view/2478/3057">https://reis.cis.es/index.php/reis/article/view/2478/3057</a> |
| 902 ## - ELEMENTOS DE DATOS B LOCAL, LDB (RLIN) | |
| Creó | Leonor Sotres/020726 |
| 942 ## - ELEMENTOS DE PUNTO DE ACCESO ADICIONAL (KOHA) | |
| Tipo de ítem Koha | Artículo Electrónico |
| Estado de retiro | Estado de pérdida | Estado dañado | No para préstamo | Código de colección | Localización permanente | Ubicación/localización actual | Ubicación en estantería | Fecha de adquisición | Total de préstamos | Fecha visto por última vez | Identificador Uniforme del Recurso | Precio válido a partir de | Tipo de ítem Koha |
|---|---|---|---|---|---|---|---|---|---|---|---|---|---|
| Acceso abierto | Bib. Gregorio Torres Quintero | Bib. Gregorio Torres Quintero | En línea | 02/07/2026 | 02/07/2026 | https://reis.cis.es/index.php/reis/article/view/2478/3057 | 02/07/2026 | Artículo Electrónico |
